Arsenals Siege 24/25 - Statistiken

Allgemein
  • Dieses Quiz wurde 25 mal gespielt
    13 seit der letzten Aktualisierung
  • Das Durchschnittsergebnis liegt bei 15 aus 25
Antwortstatistiken
Wettbewerb Verein % Korrekt
Premier League Chelsea
100%
Premier League ManCity
100%
Premier League Tottenham
100%
Premier League Aston Villa
92%
Premier League ManUnited
92%
Premier League Leicester
83%
Premier League Newcastle
83%
Premier League Nottingham Forrest
83%
Champions League Real Madrid
83%
Premier League Brentford
75%
Carabao Cup, Premier League Crystal Palace
75%
Premier League West Ham
75%
Premier League Fulham
67%
Champions League PSV
67%
Premier League Ipswich
50%
Champions League PSG
50%
Champions League Girona
42%
Premier League Southampton
42%
Premier League Wolves
42%
Champions League Monaco
33%
Champions League Sporting
33%
Champions League Dinamo Zagreb
25%
Carabao Cup Preston North
17%
Champions League Shakhtar Donetsk
17%
Carabao Cup Bolton
8%
Keine übereinstimmenden Quizze gefunden
Verteilung der Resultate
Anzahl Personen mit jedem Resultat
Perzentil nach korrekt beantworteten Fragen
Ihre Resultats-Entwicklung
Sie haben dieses Quiz seit der letzten Aktualisierung nicht gespielt